| 000 | 00822nam a2200253Ia 4500 | ||
|---|---|---|---|
| 003 | OSt | ||
| 005 | 20220208152625.0 | ||
| 008 | 210716s1999 xx 000 0 und d | ||
| 020 | _a0030213371 | ||
| 040 | _cAIMIT LIBRARY | ||
| 041 | _aeng | ||
| 082 | _a657.48 PORG | ||
| 100 |
_aPorter, Gary A. _918036 |
||
| 245 |
_aFinancial accounting: _bimpact on decision makers / _cBy Gary A. Porter and Curtis L. Norton. |
||
| 250 |
_a2nd ed. _bAlternate Second Edition. |
||
| 260 |
_aNew York : _bDryden Press , _c1999. |
||
| 300 |
_axxix,593,A-21,B-4,G-9,I-7p. ; _c28 cm. |
||
| 650 |
_aFinancial Accounting. _918037 |
||
| 650 |
_aAccounting Model. _918038 |
||
| 650 |
_aAccounting for Assets. _918039 |
||
| 650 |
_aFinancial Reporting. _918040 |
||
| 700 |
_aNorton, Curtis L. _918041 |
||
| 942 |
_2ddc _cBK _e2nd _k657.48 PORG |
||
| 999 |
_c198809 _d198809 |
||